Islamic literatures of India (Record no. 33816)

MARC details
000 -LEADER
fixed length control field 00501nam a2200169Ia 4500
008 - FIXED-LENGTH DATA ELEMENTS--GENERAL INFORMATION
fixed length control field 230917s9999||||xx |||||||||||||| ||und||
020 ## - ISBN
Price RS545
040 ## - CATALOGING SOURCE
-- 259681
Original cataloging agency VIVEKANANDA LIBRARY
041 ## - Language
-- English
082 ## - DDC NUMBER
Classification number 809.8954 S34I
100 ## - MAIN ENTRY--PERSONAL NAME
Personal name Schimmel, Annemarie
245 #0 - TITLE STATEMENT
Title Islamic literatures of India
260 ## - PUBLICATION, DISTRIBUTION, ETC. (IMPRINT)
Place of publication, distribution, etc New Delhi
Name of publisher, distributor, etc Manohar Publishers and Distributors
Date of publication, distribution, etc 2020
300 ## - PHYSICAL DESCRIPTION
Pages x, 60 p.
500 ## - GENERAL NOTE
General note 3813 12/12/2019 RK19/2622 11/12/2019 Ch. Ranbir Singh Institute of Social and
942 ## - ADDED ENTRY ELEMENTS (KOHA)
Koha item type Books
Holdings
Withdrawn status Lost status Damaged status Not for loan Location (home branch) Sublocation or collection (holding branch) Date acquired Koha issues (times borrowed) Koha full call number Accession No. Koha date last seen Koha item type
        VIVEKANANDA LIBRARY VIVEKANANDA LIBRARY     809.8954 S34I 391288 17/09/2023 Books
© Designed and Maintained by Vivekananda Library, MDU Rohtak